Mikroekonomie II cvičebnice

Salvato in:
Dettagli Bibliografici
Autore principale: Macáková, Libuše
Natura: Libro
Lingua:ceco
Pubblicazione: Slaný Melandrium 2008
Edizione:4. uprav. vyd.
Soggetti:
Tags: Aggiungi Tag
Nessun Tag, puoi essere il primo ad aggiungerne!!

MARC

LEADER 00000nam$a2200000$$$4500
001 0105289
005 20240223111918.8
020 |a 978-80-86175-63-8 
041 0 |a cze 
044 |a CZ 
245 1 0 |a Mikroekonomie II  |b cvičebnice  |c Libuše Macáková a kolektiv 
250 |a 4. uprav. vyd. 
264 1 |a Slaný  |b Melandrium  |c 2008 
300 |a 223 s. 
610 2 0 |a mikroekonomika 
610 2 0 |a správanie spotrebiteľa 
610 2 0 |a dopyt 
610 2 0 |a firmy 
610 2 0 |a faktory výrobné 
610 2 0 |a rovnováha 
100 1 |a Macáková, Libuše